000 00364nab a22001097u 4500
008 130520b2010 xxu||||| |||| 00| 0 spa d
041 _aspa
100 1 _aSarmiento Tupayupanqui, Micanor
_983761
245 0 0 _aTeologías iindias en América Latina
_cMicanor Sarmiento Tupayupanqui
773 0 _tConcilium
_gnº338,2010,págs. 129-148
_x0210-1041
_wRev134
942 _cAR
999 _c414818
_d414818